000 00372pab a2200157 454500
008 180718b1998 xxu||||| |||| 00| 0 eng d
100 _aBasu, Kaushik
245 _aThe economics of child labor
260 _c1998
300 _ap.412-27
362 _aJun
650 _aChild labour
700 _aVan, Phan Hoang
773 _aAmerican Economic Review
909 _a37968
999 _c37968
_d37968